The Life and Exploits of the Ingenious Gentleman Don Quixote de la Mancha (Record no. 2944)

MARC details
000 -CABECERA
campo de control de longitud fija 01729nam a2200373 a 4500
001 - NÚMERO DE CONTROL
campo de control BRCA_3208
005 - FECHA Y HORA DE LA ÚLTIMA TRANSACCIÓN
campo de control 20190320204150.0
008 - DATOS DE LONGITUD FIJA--INFORMACIÓN GENERAL
campo de control de longitud fija 260209s1749----enka---###---#000-0#eng-#
041 ## - CÓDIGO DE LENGUA
Código de lengua del texto/banda sonora o título independiente eng
044 ## - CÓDIGO DEL PAÍS DE LA ENTIDAD EDITORA/PRODUCTORA
Código MARC del país enk
084 ## - OTRO NÚMERO DE CLASIFICACIÓN
Número de clasificación 509
Número de documento/Ítem .T66
-- 1749
100 1# - ENTRADA PRINCIPAL--NOMBRE DE PERSONA
Nombre de persona Cervantes Saavedra, Miguel de
Fechas asociadas al nombre 1547-1616
9 (RLIN) 213
245 10 - MENCIÓN DE TÍTULO
Título The Life and Exploits of the Ingenious Gentleman Don Quixote de la Mancha
Mención de responsabilidad, etc. Translated from the Original Spanish of Miguel Cervantes de Saavedra by Charles Jarvis.
250 ## - MENCIÓN DE EDICIÓN
Mención de edición 2
260 ## - PUBLICACIÓN, DISTRIBUCIÓN, ETC.
Lugar de publicación, distribución, etc. Londres
Nombre del editor, distribuidor, etc. J. and R. Tonson and S. Draper
Fecha de publicación, distribución, etc. 1749
300 ## - DESCRIPCIÓN FÍSICA
Extensión 2 v.
Otras características físicas il.
Dimensiones 21 cm.
500 ## - NOTA GENERAL
Nota general Contenido : v. 1. Primera parte. Prefacio del traductor. Vida de Cervantes basada en la escrita por Mayáns. Prólogo del autor. -- v.2 Segunda parte. Prólogo de Cervantes
500 ## - NOTA GENERAL
Nota general Edición : The whole Carefully Revised and Corrected, Illustrated by Vanderbank
500 ## - NOTA GENERAL
Nota general Ejemplar por completo igual al anterior [508]. Piel; lomos y planos adornados con dorados Lúdovik Osterc
500 ## - NOTA GENERAL
Nota general Estado físico : Encuadernación maltratada (los dos volúmenes)
500 ## - NOTA GENERAL
Nota general Con ex-libris de : Marquess of Headfort
500 ## - NOTA GENERAL
Nota general QM402
546 ## - NOTA DE LENGUA/LENGUAJE
Nota de lengua/lenguaje Texto en : inglés
650 14 - PUNTO DE ACCESO ADICIONAL DE MATERIA--TÉRMINO DE MATERIA
Término de materia o nombre geográfico como elemento de entrada Novela española
Subdivisión cronológica Época clásica, 1500-1700
9 (RLIN) 215
650 14 - PUNTO DE ACCESO ADICIONAL DE MATERIA--TÉRMINO DE MATERIA
Término de materia o nombre geográfico como elemento de entrada Literatura española
Subdivisión cronológica Época clásica, 1500-1700
9 (RLIN) 216
650 14 - PUNTO DE ACCESO ADICIONAL DE MATERIA--TÉRMINO DE MATERIA
Término de materia o nombre geográfico como elemento de entrada Novela española
Subdivisión cronológica Siglo XVII
9 (RLIN) 217
650 14 - PUNTO DE ACCESO ADICIONAL DE MATERIA--TÉRMINO DE MATERIA
Término de materia o nombre geográfico como elemento de entrada Don Quijote (Personaje ficticio)
Término indicativo de función/relación Novela
9 (RLIN) 218
700 1# - PUNTO DE ACCESO ADICIONAL--NOMBRE DE PERSONA
Nombre de persona Jarvis, Charles
Fechas asociadas al nombre ?-1739
Término indicativo de función/relación Traductor
9 (RLIN) 8591
700 1# - PUNTO DE ACCESO ADICIONAL--NOMBRE DE PERSONA
Nombre de persona Vanderbank, John
Fechas asociadas al nombre 1694-1739
Término indicativo de función/relación Ilustrador
9 (RLIN) 8592
700 1# - PUNTO DE ACCESO ADICIONAL--NOMBRE DE PERSONA
Nombre de persona Mayáns I. Siscar, Gregorio
Fechas asociadas al nombre 1699-1781
Término indicativo de función/relación Biógrafo
9 (RLIN) 8593
740 0# - PUNTO DE ACCESO ADICIONAL--TÍTULO RELACIONADO O ANALÍTICO NO CONTROLADO
Título relacionado o analítico no controlado El Ingenioso Hidalgo Don Quijote de la Mancha
902 ## - CATALOGADOR
Iniciales QFM
942 ## - ELEMENTOS DE PUNTO DE ACCESO ADICIONAL (KOHA)
Fuente del sistema de clasificación o colocación Library of Congress Classification
Tipo de ítem Koha Libros
Holdings
Estado de retiro Estado de pérdida Estado dañado No para préstamo Localización permanente Ubicación/localización actual Fecha de adquisición Número de inventario Total de préstamos Signatura topográfica completa Código de barras Fecha visto por última vez Precio válido a partir de Tipo de ítem Koha
El ejemplar forma parte de la colección y puede ser consultado según las políticas vigentes.       Biblioteca del Museo Franz Mayer (Rogerio Casas-Alatriste) Biblioteca del Museo Franz Mayer (Rogerio Casas-Alatriste) 26/02/2009 QM402   509 .T66 1749 (QM402) 3205 22/03/2019 22/03/2019 Libros